Niżny Tagił Konkurs Indywidualny 2 - Top 10 - Statystyki

Ogólne statystyki
  • Ten quiz został rozwiązany 27 razy
  • Średni wynik to 8 z 10
Statystyki odpowiedzi
POZYCJA ZAWODNIK % Poprawnych
2 Karl Geiger
95%
3 Stefan Kraft
95%
1 Halvor Egner Granerud
90%
5 Cenę Prevc
86%
8 Markus Eisenbichler
81%
7 Anze Lanisek
71%
4 Timi Zajc
71%
9 Johann Andre Forfang
62%
6 Killian Peier
62%
10 Stephan Leyhe
48%
Nie znaleziono quizów pasujących do podanych kryteriów
Rozkład punktacji
Procent ludzi z każdym wynikiem
Percentyl według liczby udzielonych odpowiedzi
Twoja historia wyników
Nie rozwiązałeś tego quizu